000 00264nam a22001217a 4500
082 _a158
_bSAD/D
100 _aSADHGURU
245 _aDON'T POLISH YOUR IGNORANCE
260 _aINDIA
_bJAICO
300 _a250
650 _aPERSONALITY DEVELOPMENT
_zINDIA
942 _cBK
999 _c5508
_d5508